Manuel Antonio de la Cruz, pintor portuense (1750-1809) / (Record no. 38580)
[ view plain ]
| 000 -LEADER | |
|---|---|
| campo de control de longitud fija | 00592nam a2200169 i 4500 |
| 001 - NÚMERO DE CONTROL | |
| campo de control | 38580 |
| 003 - IDENTIFICADOR DE NÚMERO DE CONTROL | |
| campo de control | ES-MaACL |
| 005 - FECHA Y HORA DE LA ÚLTIMA TRANSACCIÓN | |
| campo de control | 20230906155800.0 |
| 007 - CAMPO FIJO DE DESCRIPCIÓN FÍSICA--INFORMACIÓN GENERAL | |
| campo de control de longitud fija | t| |
| 008 - DATOS DE LONGITUD FIJA--INFORMACIÓN GENERAL | |
| campo de control de longitud fija | 030226s1982 sp ||||1| spa d |
| 100 1# - ENTRADA PRINCIPAL--NOMBRE DE PERSONA | |
| Nombre de persona | Calero Ruiz, Clementina. |
| 9 (RLIN) | 33662 |
| 245 10 - MENCIÓN DEL TÍTULO | |
| Título | Manuel Antonio de la Cruz, pintor portuense (1750-1809) / |
| Mención de responsabilidad, etc. | Clementina Calero Ruiz. |
| 260 ## - PUBLICACIÓN, DISTRIBUCIÓN, ETC. | |
| Lugar de publicación, distribución, etc. | [Puerto de la Cruz : |
| Nombre del editor, distribuidor, etc. | Ayuntamiento de Puerto de la Cruz, |
| Fecha de publicación, distribución, etc. | 1982] |
| 300 ## - DESCRIPCIÓN FÍSICA | |
| Extensión | 84 p. : |
| Otras características físicas | 8 lám. ; |
| Dimensiones | 23 cm. |
| 500 ## - NOTA GENERAL | |
| Nota general | Premio de investigación histórica "Agustín Alvarez Rixo" 1981. |
| 852 ## - LOCALIZACIÓN | |
| Ubicación | ES-MaACL |
| Número de control de estantería | L-1964 |
| Sublocalización o colección | R.103246 |
| Estatus retirado | Estado de pérdida | Estado de daño | No para préstamo | Biblioteca de origen | Biblioteca actual | Ubicación en estantería | Fecha de adquisición | Fuente de adquisición | Total de préstamos | Signatura topográfica completa | Código de barras | Visto por última vez | Precio de reemplazo | Tipo de ítem Koha |
|---|---|---|---|---|---|---|---|---|---|---|---|---|---|---|
| Biblioteca del Ateneo de Madrid | Biblioteca del Ateneo de Madrid | Depósito 2 | 17/01/2008 | L-1964 | 1040614 | 23/02/2023 | 23/02/2023 | Libro impreso |
